<?xml version="1.0" encoding="UTF-8"?>
<collection xmlns="http://www.loc.gov/MARC21/slim">
 <record>
  <leader>00702nam a22001935a 4500</leader>
  <controlfield tag="001">MAT.inmabb005163</controlfield>
  <controlfield tag="008">840809s1961####enk###########001#0#eng##</controlfield>
  <controlfield tag="005">20151116145423.0</controlfield>
  <datafield tag="245" ind1="0" ind2="0">
   <subfield code="a">Fourier series /</subfield>
   <subfield code="c">by I. N. Sneddon.</subfield>
  </datafield>
  <datafield tag="260" ind1=" " ind2=" ">
   <subfield code="a">London :</subfield>
   <subfield code="b">Routledge and Paul,</subfield>
   <subfield code="c">1961.</subfield>
  </datafield>
  <datafield tag="300" ind1=" " ind2=" ">
   <subfield code="a">viii, 69 p. ;</subfield>
   <subfield code="c">19 cm.</subfield>
  </datafield>
  <datafield tag="440" ind1=" " ind2="0">
   <subfield code="a">Library of mathematics</subfield>
  </datafield>
  <datafield tag="500" ind1=" " ind2=" ">
   <subfield code="a">&quot;This book is intended primarily for students of engineering and science who wish to acquire a working knowledge of Fourier series&quot;--Preface.</subfield>
  </datafield>
  <datafield tag="100" ind1="1" ind2=" ">
   <subfield code="a">Sneddon, Ian Naismith.</subfield>
  </datafield>
  <datafield tag="650" ind1=" " ind2="0">
   <subfield code="a">Fourier series.</subfield>
  </datafield>
  <datafield tag="084" ind1=" " ind2=" ">
   <subfield code="a">42-01 (42Axx)</subfield>
   <subfield code="2">msc2000</subfield>
  </datafield>
  <datafield tag="010" ind1=" " ind2=" ">
   <subfield code="a">   62004465 </subfield>
  </datafield>
  <datafield tag="040" ind1=" " ind2=" ">
   <subfield code="a">DLC/ICU</subfield>
   <subfield code="c">ICU</subfield>
   <subfield code="d">DLC</subfield>
  </datafield>
  <datafield tag="859" ind1=" " ind2=" ">
   <subfield code="h">42</subfield>
   <subfield code="i">Sn671s</subfield>
   <subfield code="p">A-2631</subfield>
   <subfield code="b">BIB. MATEMATICA</subfield>
  </datafield>
 </record>
</collection>
